Statistiques concernant Culture Générale - Série 143

Cliquez ici pour prendre le quiz!

Statistiques générales

  • Ce quiz a été pris 80 fois
  • Le résultat moyen est 5 sur 10

Statistiques - réponses

Question Réponse % Correct
Dans quel Etat des Etats-Unis est située la ville de Miami ?Floride
97%
Quelle équipe a gagné la coupe du monde de football en 1970 ?Brésil
90%
De quel pays est originaire le fandango, qui se danse en couple ?Espagne
77%
Quelle équipe a gagné la coupe du monde de football en 1986 ?Argentine
75%
Au basket, quelle pénalité est donnée quand il y a faute sur le tireur ?Lancer franc
55%
Sous quel pseudonyme Annie Chancel est-elle plus connue ?Sheila
44%
Quel fruit a fait la réputation de la ville de Moissac ?Raisin
42%
En 1977, qu'aimait Charles Denner dans le film de François Truffaut ?Les femmes
31%
Qui joue le rôle d'Antoine Delafoy dans "Les Tontons flingueurs" ?Claude Rich
21%
A quel auteur doit-on le best-seller : "Le Papillon des étoiles" ?Bernard Werber
9%

Distribution des résultats

Percentile par nombre de réponses

% des personnes avec chaque résultat

Votre développement - résultats

Vous n’avez pas pris ce quiz